Sorghum improvement, 1978 annual report : Niger cereals project /

Bibliographic Details
Main Author: Harvey, Clark
Format: Microform Book
Language:English
Published: [Place of publication not identified] : [publisher not identified], [1978?]
Series:Sahel, documents and dissertations ; NG 115.
Subjects:

MARC

Tag First Indicator Second Indicator Subfields
LEADER 00000cam a2200000 i 4500
001 in00000942521
005 20150925132705.0
007 he bmu|||bubu
008 800916r19801978miu b 00010 eng d
035 |a (OCoLC)06719191 
035 |9 AES4397AM 
037 |a CL00550  |b University Microfilms International 
037 |b University Microfilms International, 300 N. Zeeb Rd., Ann Arbor, MI 48106 
040 |a UMI  |c UMI  |d UtOrBLW 
043 |a f-ng--- 
049 |a TXAI 
090 |a SB235  |b .H3 1978 
099 |a fiche   |a  C   |a  5159 
100 1 |a Harvey, Clark. 
245 1 0 |a Sorghum improvement, 1978 annual report :  |b Niger cereals project /  |c Clark Harvey. 
264 1 |a [Place of publication not identified] :  |b [publisher not identified],  |c [1978?] 
300 |a ii, 73 pages 
336 |a text  |b txt  |2 rdacontent 
337 |a microform  |b h  |2 rdamedia 
338 |a microfiche  |b he  |2 rdacarrier 
500 |a Microfiche. Ann Arbor, Mich. : University Microfilms International, 1980. -- 1 sheet ; 11 x 15 cm. -- (Sahel : documents and dissertations ; NG 115). 
500 |a Microform. 
650 0 |a Sorghum  |z Niger. 
650 0 |a Sorghum  |z Niger  |x Genetics. 
650 0 |a Grain  |z Niger. 
740 0 |a Niger cereals project. 
830 0 |a Sahel, documents and dissertations ;  |v NG 115. 
999 |a MARS 
999 f f |s e9cb0333-bfc5-37e3-8ee8-617f62ae472b  |i 28565725-a164-32f1-8dc5-1afd82bc6afa  |t 0 
952 f f |p normal  |a Texas A&M University  |b College Station  |c Sterling C. Evans Library  |d Evans: Microforms (3rd floor)  |t 0  |e fiche C 5159 NG 115  |h Other scheme  |i microform -- microfiche  |m A14821918257 
998 f f |a fiche C 5159 NG 115  |t 0  |l Evans: Microforms (3rd floor)